000 00650nam a2200241 i 4500
001 C2-0216564
003 PPAK
005 20180728105244.0
008 990525s1967 my |||| ||||| | eng d
040 _aPPAK
_beng
_cPPAK
_erda
082 0 4 _a823
_2 23
090 0 0 _a823
_bCON
_dKAH
090 0 0 _a823
_bCON
_dKSA
100 1 _aConrad, Joseph,
_eauthor
245 1 0 _aIstana Impian
264 1 _aKuala Lumpur :
_bOxford University Press ,
_c1967
300 _a227 pages
336 _2rdacontent
_atext
337 _2rdamedia
_aunmediated
338 _2rdacarrier
_avolume
650 1 0 _aEnglish fiction - Translations into Malay.
942 _ddc
_cB
999 _c160171
_d160171